<?xml version="1.0" encoding="UTF-8"?>
<record
    xmlns:xsi="http://www.w3.org/2001/XMLSchema-instance"
    xsi:schemaLocation="http://www.loc.gov/MARC21/slim http://www.loc.gov/standards/marcxml/schema/MARC21slim.xsd"
    xmlns="http://www.loc.gov/MARC21/slim">

  <leader>04478nam a2200445 a 4500</leader>
  <controlfield tag="001">dia_883</controlfield>
  <controlfield tag="003">CHAP</controlfield>
  <controlfield tag="005">20250819131457.0</controlfield>
  <controlfield tag="007">ta</controlfield>
  <controlfield tag="008">220117s1999    mx ad  frm    001 0 spa d</controlfield>
  <datafield tag="010" ind1=" " ind2=" ">
    <subfield code="a">171431</subfield>
  </datafield>
  <datafield tag="040" ind1=" " ind2=" ">
    <subfield code="a">mxchpua</subfield>
    <subfield code="c">CHAP</subfield>
  </datafield>
  <datafield tag="041" ind1="0" ind2=" ">
    <subfield code="a">spa</subfield>
    <subfield code="b">eng</subfield>
  </datafield>
  <datafield tag="090" ind1=" " ind2=" ">
    <subfield code="a">Tesis</subfield>
    <subfield code="b">V55</subfield>
    <subfield code="c">1999</subfield>
  </datafield>
  <datafield tag="100" ind1="1" ind2=" ">
    <subfield code="a">Villatoro Ju&#xE1;rez, Miguel &#xC1;ngel</subfield>
  </datafield>
  <datafield tag="240" ind1="1" ind2="0">
    <subfield code="a">Fabrication of oaxaca cheese with pasteurized milk and mixed acidification.</subfield>
    <subfield code="l">Espa&#xF1;ol</subfield>
  </datafield>
  <datafield tag="245" ind1="1" ind2="0">
    <subfield code="a">Elaboraci&#xF3;n de queso oaxaca con leche pasteurizada y acidificaci&#xF3;n mixta /</subfield>
    <subfield code="c">Miguel &#xC1;ngel Villatoro Ju&#xE1;rez</subfield>
  </datafield>
  <datafield tag="264" ind1=" " ind2=" ">
    <subfield code="a">Chapingo, M&#xE9;xico :</subfield>
    <subfield code="b">El autor,</subfield>
    <subfield code="c">1999</subfield>
  </datafield>
  <datafield tag="300" ind1=" " ind2=" ">
    <subfield code="a">viii, 66 hojas :</subfield>
    <subfield code="b">ilustraciones, tablas, gr&#xE1;ficas</subfield>
  </datafield>
  <datafield tag="336" ind1=" " ind2=" ">
    <subfield code="2">rdacontent</subfield>
    <subfield code="a">texto</subfield>
    <subfield code="b">txt</subfield>
  </datafield>
  <datafield tag="337" ind1=" " ind2=" ">
    <subfield code="2">rdamedia</subfield>
    <subfield code="a">no mediado</subfield>
    <subfield code="b">n</subfield>
  </datafield>
  <datafield tag="338" ind1=" " ind2=" ">
    <subfield code="2">rdacarrier</subfield>
    <subfield code="a">volumen</subfield>
    <subfield code="b">nc</subfield>
  </datafield>
  <datafield tag="502" ind1=" " ind2=" ">
    <subfield code="a">Tesis</subfield>
    <subfield code="b">(Ingeniero Agroindustrial) --</subfield>
    <subfield code="c">UACh. Departamento de Ingenier&#xED;a Agroindustrial,</subfield>
    <subfield code="d">1999</subfield>
  </datafield>
  <datafield tag="504" ind1=" " ind2=" ">
    <subfield code="a">Bibliograf&#xED;a: hojas 52-53</subfield>
  </datafield>
  <datafield tag="520" ind1="3" ind2=" ">
    <subfield code="a">EI queso Oaxaca pertenece al grupo de los quesos de pasta hilada ("filata") mexicanos, de los cuales no existe mucha informaci&#xF3;n; es por ello que en esta investigaci&#xF3;n se evalu&#xF3; el uso de leche pasteurizada y acidificaci&#xF3;n mixta en la elaboraci&#xF3;n de este tipo de queso, compar&#xE1;ndolo con el elaborado con leche bronca (testigo). La leche se acidific&#xF3; inicialmente a 20, 25 y 30 *D con cultivos mes&#xF3;filos (St. lactis y St. cremoris), llev&#xE1;ndose con &#xE1;cido ac&#xE9;tico a una acidez final
hasta el punto apropiado para el queso Oaxaca (32-35 D). Se trat&#xF3; con 12 unidades experimentales, a las cuales se les practic&#xF3; determinaciones de humedad, cenizas, grasa, acidez, prote&#xED;na y &#xE1;rea de fundido; los datos se
examinaron mediante un an&#xE1;lisis de varianza (&#x3B1;=0.05). En el an&#xE1;lisis bromatol&#xF3;gico se hallaron diferencias significativas entre los tratamientos, con respecto al testigo, con excepci&#xF3;n de la variable prote&#xED;na. A todos los quesos se
les realiz&#xF3; una prueba sensorial de diferencia contra testigo, con la que se evalu&#xF3; el nivel de diferencia entre la unidad elaborada con leche bronca y cada una de las unidades elaboradas con leche pasteurizada y acidificaci&#xF3;n mixta, encontr&#xE1;ndose diferencias significativas entre &#xE9;stas EI queso elaborado con leche pasteurizada y acidificada con cultivo a 25 &#xB0;D, posteriormente ajustada con &#xE1;cido ac&#xE9;tico, dio lugar a quesos con las mejores caracter&#xED;sticas sensoriales, as&#xED; como a una reducci&#xF3;n en el tiempo de elaboraci&#xF3;n.</subfield>
  </datafield>
  <datafield tag="520" ind1="3" ind2=" ">
    <subfield code="a">Oaxaca cheese belongs to a group of Mexican cheeses of the "string" or "flata' type, of which little information exists. In this study the use of pasteurized milk and mixed acidification in the fabrication of this type of cheese were evaluated and compared with the use of unpasteurized milk (control). The milk was acidified initially at 20, 25 and 30 D whit mesophyll cultures (St. lactis and St. cremoris), achieving final acidity with acetic acid up to the point appropriate for Oaxaca
cheese (32-35 D). Twelve experimental units were treated; in each of these moisture, ash, fats, acidity, proteins and area of fused matter were determined. The data were examined through analysis of variance (&#x3B1;=0.05). In the bromatological analisysis significant differences were found among treatments, compared with the control, with the exception of variable protein. All of the cheeses were subjected to a sensory test of difference against the control. The level of
difference between the cheese made from unpasteurized milk and each of units
made whit pasteurized milk and mixed acidification was evaluated, and significant
differences were found. The cheese made with pasteurized milk and acidified with a 25 &#xB0;D culture, adjusted later with acetic acid, produced the cheese with the best sensorial characteristics, as well as a reduction in processing time.</subfield>
  </datafield>
  <datafield tag="650" ind1="1" ind2="3">
    <subfield code="a">Quesos</subfield>
    <subfield code="2">atg</subfield>
  </datafield>
  <datafield tag="650" ind1="1" ind2="3">
    <subfield code="a">Leche</subfield>
    <subfield code="2">atg</subfield>
    <subfield code="x">Acidificaci&#xF3;n</subfield>
  </datafield>
  <datafield tag="650" ind1="1" ind2="3">
    <subfield code="a">Fabricaci&#xF3;n de queso</subfield>
    <subfield code="x">Leche pasteurizada  </subfield>
    <subfield code="2">atg</subfield>
  </datafield>
  <datafield tag="650" ind1="1" ind2="3">
    <subfield code="a">Cheeses  </subfield>
    <subfield code="2">atg</subfield>
  </datafield>
  <datafield tag="650" ind1="1" ind2="3">
    <subfield code="a">Milk  </subfield>
    <subfield code="2">atg</subfield>
    <subfield code="x">Acidification</subfield>
  </datafield>
  <datafield tag="650" ind1="1" ind2="3">
    <subfield code="a">Cheesemaking</subfield>
    <subfield code="x">Pasteurized milk  </subfield>
    <subfield code="2">atg</subfield>
  </datafield>
  <datafield tag="700" ind1="1" ind2=" ">
    <subfield code="a">Santos Moreno, Armando</subfield>
    <subfield code="e">director</subfield>
  </datafield>
  <datafield tag="700" ind1="1" ind2=" ">
    <subfield code="a">Hern&#xE1;ndez Montes, Arturo</subfield>
    <subfield code="e">asesor</subfield>
  </datafield>
  <datafield tag="700" ind1="1" ind2=" ">
    <subfield code="a">Lobato Calleros, Consuelo Silvia Olivia</subfield>
    <subfield code="e">asesora</subfield>
  </datafield>
  <datafield tag="901" ind1=" " ind2=" ">
    <subfield code="a">TESIS V55 1999</subfield>
  </datafield>
  <datafield tag="902" ind1=" " ind2=" ">
    <subfield code="a">M</subfield>
  </datafield>
  <datafield tag="905" ind1=" " ind2=" ">
    <subfield code="a">0000001999                          mx A   0000000000spa00</subfield>
  </datafield>
  <datafield tag="942" ind1=" " ind2=" ">
    <subfield code="c">TESIS</subfield>
    <subfield code="2">Clasificaci&#xF3;n Universidad Aut&#xF3;noma Chapingo</subfield>
  </datafield>
  <datafield tag="999" ind1=" " ind2=" ">
    <subfield code="c">171431</subfield>
    <subfield code="d">171431</subfield>
  </datafield>
  <datafield tag="952" ind1=" " ind2=" ">
    <subfield code="0">0</subfield>
    <subfield code="1">0</subfield>
    <subfield code="2">local</subfield>
    <subfield code="4">0</subfield>
    <subfield code="5">1</subfield>
    <subfield code="7">0</subfield>
    <subfield code="8">TESIS</subfield>
    <subfield code="a">IA_</subfield>
    <subfield code="b">IA_</subfield>
    <subfield code="d">2025-08-19</subfield>
    <subfield code="e">El autor</subfield>
    <subfield code="l">0</subfield>
    <subfield code="o">Tesis V55 1999</subfield>
    <subfield code="p">1101015846</subfield>
    <subfield code="r">2026-02-02 00:00:00</subfield>
    <subfield code="t">Ej.1</subfield>
    <subfield code="w">2025-08-19</subfield>
    <subfield code="y">TESIS</subfield>
  </datafield>
  <datafield tag="952" ind1=" " ind2=" ">
    <subfield code="0">0</subfield>
    <subfield code="1">0</subfield>
    <subfield code="2">local</subfield>
    <subfield code="4">0</subfield>
    <subfield code="5">5</subfield>
    <subfield code="7">0</subfield>
    <subfield code="8">TESIS</subfield>
    <subfield code="a">IA_</subfield>
    <subfield code="b">IA_</subfield>
    <subfield code="d">2025-08-19</subfield>
    <subfield code="e">El autor</subfield>
    <subfield code="l">0</subfield>
    <subfield code="o">Tesis V55 1999</subfield>
    <subfield code="p">1101015847</subfield>
    <subfield code="r">2026-02-02 00:00:00</subfield>
    <subfield code="t">Ej.2</subfield>
    <subfield code="w">2025-08-19</subfield>
    <subfield code="y">TESIS</subfield>
  </datafield>
</record>
